Discusión parlamentaria de la enmienda presentada por el diputado a Córtes D. Modesto Martínez Pacheco al "Proyecto de Ley sobre reforma de la actual organizacion del Ejército". (Record no. 153834)

MARC details
000 -LEADER
campo de control de longitud fija 00888nam a2200193 i 4500
001 - NÚMERO DE CONTROL
campo de control 153834
003 - IDENTIFICADOR DE NÚMERO DE CONTROL
campo de control ES-MaACL
005 - FECHA Y HORA DE LA ÚLTIMA TRANSACCIÓN
campo de control 20250905063051.0
008 - DATOS DE LONGITUD FIJA--INFORMACIÓN GENERAL
campo de control de longitud fija 010309s1882 sp |||| | spa d
040 ## - FUENTE DE CATALOGACIÓN
Centro catalogador/agencia de origen CCPB | B
Lengua de catalogación spa
Centro/agencia transcriptor CCPB | B
100 1# - ENTRADA PRINCIPAL--NOMBRE DE PERSONA
Nombre de persona Martínez Pacheco, Modesto,
Fechas asociadas al nombre 1838-1898
9 (RLIN) 129634
245 10 - MENCIÓN DEL TÍTULO
Título Discusión parlamentaria de la enmienda presentada por el diputado a Córtes D. Modesto Martínez Pacheco al "Proyecto de Ley sobre reforma de la actual organizacion del Ejército".
260 ## - PUBLICACIÓN, DISTRIBUCIÓN, ETC.
Lugar de publicación, distribución, etc. Madrid :
Nombre del editor, distribuidor, etc. La Gaceta de Sanidad Militar,
Fecha de publicación, distribución, etc. 1882 (
Fabricante Imprenta de A. Gómez Fuentenebro)
300 ## - DESCRIPCIÓN FÍSICA
Extensión 47 p. ;
Dimensiones 25 cm.
500 ## - NOTA GENERAL
Nota general Separata de "La Gaceta Sanidad Militar", 25 de junio de 1882.
650 04 - PUNTO DE ACCESO ADICIONAL DE MATERIA--TÉRMINO DE MATERIA
Término de materia o nombre geográfico como elemento de entrada Ejército-
Subdivisión geográfica España.
9 (RLIN) 12134
852 ## - LOCALIZACIÓN
Ubicación ES-MaACL
Número de control de estantería T-505-F-2
Nota libre - Enc. hol., conservando la cub. original
-- - Enc. en un vol. facticio
Holdings
Estatus retirado Estado de pérdida Estado de daño No para préstamo Colección Biblioteca de origen Biblioteca actual Ubicación en estantería Fecha de adquisición Total de préstamos Signatura topográfica completa Código de barras Visto por última vez Precio de reemplazo Tipo de ítem Koha
        Colección de folletos Biblioteca del Ateneo de Madrid Biblioteca del Ateneo de Madrid Depósito folletos 17/01/2008   T-505-F-2 1160835 23/02/2023 23/02/2023 Folleto